=LDR 00000nam 2200000 4500 =001 INLIS000000000053339 =005 20180530014215 =035 ##$$a 0010-0518000049 =007 ta =008 180530###########################0#ind## =082 ##$$a 390.095 981 2 =084 ##$$a 390.095 981 2 PEN =245 ##$$a Pengkajian nilai-nilai luhur budaya spiritual bangsa propinsi sumatera utara /$c Editor Drs. Suradi HP =260 ##$$a [s.l] :$b Depdikbud,$c 1993 =300 ##$$a vi,159 hlm. ; $c 21 cm. =990 ##$$a 3625436254 =990 ##$$a 48.354 hd.93